000 00554nam a22001817a 4500
005 20251108170135.0
008 250721s2002 xx 000 0 ara d
082 1 4 _a956.402/نبه
100 1 _aنبهان، يحيى محمد
245 1 0 _aالدولة الخفية في أحضان الصهيونية /
264 1 _aعمان :
_bدار الياقوت للنشر و التوزيع،
_c2002.
300 _a109ص.
650 1 7 _aالماسونية
650 1 7 _aإسرائيل
650 1 7 _aالصهيونية
942 _2ddc
_cBK
999 _c40696
_d40696